000 00948nam a2200241 a 4500
005 20160122102659.0
008 140304s1994 ck d gr|||| 000 0 spa d
020 _a9589037364
040 _aCO-BoIAVH
_cCO-BoIAVH
041 0 _aspa
044 _ack
082 0 4 _a303.483
_bI59c
110 2 _bInstituto Colombiano para el Desarrollo de la Ciencia y la Tecnología "Francisco José de Caldas"
245 1 0 _aCiencias y regiones :
_bLa construcción de un país. Misiones regionales de ciencia y tecnología.
_cCOLCIENCIAS
260 _aBogotá :
_bInstituto Colombiano para el Desarrollo de la Ciencia y la Tecnología "Francisco José de Caldas",
_c1994.
300 _a502 páginas :
_bgráficos ;
_c24 x 17 cm.
650 6 _aEcología regional
650 6 _aCiencia y tecnología
662 _aColombia
700 1 _aVillaveces Cardoso, José Luis
710 1 _aAlonso Guzmán, Martha
942 _cLIBRO
_2ddc
999 _c2158
_d2158